Canto a la bandera. / (Registro nro. 26418)
[ vista simple ]
| 000 -CABECERA | |
|---|---|
| campo de control de longitud fija | 00444nam a2200145 a 4500 |
| 001 - NÚMERO DE CONTROL | |
| campo de control | 000026926 |
| 005 - FECHA Y HORA DE LA ÚLTIMA TRANSACCIÓN | |
| campo de control | 20200930030508.0 |
| 008 - DATOS DE LONGITUD FIJA--INFORMACIÓN GENERAL | |
| campo de control de longitud fija | 110328s1958 dr 000 0 spa d |
| 040 ## - FUENTE DE LA CATALOGACIÓN | |
| Centro catalogador/agencia de origen | DO-SdBNP |
| Lengua de catalogación | spa |
| Centro/agencia transcriptor | BNPHU |
| 049 ## - FONDOS LOCALES (OCLC) | |
| Fondos de biblioteca | BNPD |
| 100 1# - ENTRADA PRINCIPAL--NOMBRE DE PERSONA | |
| Nombre de persona | Holguín Bonó, Fermín |
| 9 (RLIN) | 54027 |
| 245 10 - MENCIÓN DE TÍTULO | |
| Título | Canto a la bandera. / |
| Mención de responsabilidad, etc. | Fermín Holguín Bonó. |
| 260 ## - PUBLICACIÓN, DISTRIBUCIÓN, ETC. | |
| Lugar de publicación, distribución, etc. | Ciudad Trujillo, República Dominicana, |
| Fabricante | Impresora Dominicana |
| Fecha de publicación, distribución, etc. | 1958. |
| 300 ## - DESCRIPCIÓN FÍSICA | |
| Extensión | 55 p. ; |
| Dimensiones | 23 cm. |
| Estado de retiro | Estado de pérdida | Restricciones de uso | No para préstamo | Código de colección | Localización permanente | Ubicación/localización actual | Ubicación en estantería | Fecha de adquisición | Número de inventario | Total de préstamos | Signatura topográfica completa | Código de barras | Fecha visto por última vez | Número de copia | Precio válido a partir de | Tipo de ítem Koha | Nota pública |
|---|---|---|---|---|---|---|---|---|---|---|---|---|---|---|---|---|---|
| Raros y valiosos | General | General | En catalogación | 28.03.2011 | LF1 | 26926-30 | 25.06.2020 | e. 3 | 25.06.2020 | Préstamo en sala | |||||||
| Raros y valiosos | General | General | En catalogación | 21.11.2011 | LF1 | 26926-40 | 25.06.2020 | e. 4 | 25.06.2020 | Préstamo en sala | |||||||
| Excluido de préstamo | Raros y valiosos | Patrimonio Dominicano | Patrimonio Dominicano | Depósito | 28.03.2011 | LF1 | 26926-10 | 25.06.2020 | 25.06.2020 | No se presta | Perteneció a la biblioteca personal de Martínez Boog. | ||||||
| Excluido de préstamo | Raros y valiosos | Patrimonio Dominicano | Patrimonio Dominicano | En catalogación | 28.03.2011 | LF1 | 26926-20 | 25.06.2020 | e. 2 | 25.06.2020 | No se presta |
